000 01669nam2a22002771 4500
001 rc\178841
005 20250612183059.0
035 _a(NLR Aleph) 008782370
090 _a7990270
_c7990270
100 _a20030307d1991 |||y0rusy50 ca
101 0 _arus
102 _aRU
105 _aa |||||||||
200 0 _aЧ. 1
210 _d1991
_aБ. м.
215 _a337 с.
_cил.
300 _aЧасть текста: англ.
320 _aБиблиогр. в конце докл.
461 0 _1001rc\178840
_12001#$aМеждународная научно-техническая конференция "Проблемы функционирования информационных сетей"$dInternational conference on functionability problems of communication networks$eПФИС-91, 2-6 сент. 1991 г.$eМатериалы конф.$vЧ. 1
_96468776
_a"Проблемы функционирования информ. сетей", международная науч.-техн. конф. (1991 ; Новосибирск)
_cНовосибирск
_d1991
_lInternational conference on functionability problems of communication networks
_nБ. и.
_oПФИС-91, 2-6 сент. 1991 г. : Материалы конф.
_tМеждународная научно-техническая конференция "Проблемы функционирования информационных сетей"
_vЧ. 1
606 1 _aИнформационные сети
_jСъезды, совещания и т.п.
_2nlr_sh1
801 0 _aRU
_bNLR
_gpsbo
801 1 _aRU
_bELAR
_2rusmarc
801 2 _aRU
_bNLR
_c20050514
_2rusmarc
852 _aNLR
_j91-3/9450
942 _cBOOK
980 _aNB